| 000 | 00750cam a22002655a 4500 | ||
|---|---|---|---|
| 005 | 20161024131602.0 | ||
| 008 | 161019s2015 enka frb 001 0 eng d | ||
| 020 | _a9781446248621 | ||
| 020 | _a9781446248614 | ||
| 040 |
_aEG-ScBUE _beng _cEG-ScBUE _dEG-ScBUE |
||
| 082 | 0 | 4 |
_a658.8 _bFRE _222 |
| 100 | 1 | _aFrench, Jeff. | |
| 245 | 1 | 0 |
_aStrategic social marketing / _cJeff French, Ross Gordon. |
| 250 | _a1st ed. | ||
| 260 |
_aLondon : _bSAGE, _c2015. |
||
| 300 |
_axvii, 429 p. : _bill. ; _c24 cm. |
||
| 500 | _aIndex : p. 421-429. | ||
| 504 | _aIncludes bibliographical references. | ||
| 590 | _ashima | ||
| 650 | 0 |
_aSocial marketing. _2BUEsh |
|
| 651 | _2BUEsh | ||
| 653 |
_bBUSADM _cOctober2016 |
||
| 700 | 1 | _aGordon, Ross. | |
| 942 | _2ddc | ||
| 999 |
_c22701 _d22673 |
||